<?xml version="1.0" encoding="UTF-8"?>
<record
    xmlns:xsi="http://www.w3.org/2001/XMLSchema-instance"
    xsi:schemaLocation="http://www.loc.gov/MARC21/slim http://www.loc.gov/standards/marcxml/schema/MARC21slim.xsd"
    xmlns="http://www.loc.gov/MARC21/slim">

  <leader>01013nam0a2200301   4500</leader>
  <controlfield tag="001">RU\NLR\bibl\77849</controlfield>
  <controlfield tag="005">20260406041530.0</controlfield>
  <datafield tag="010" ind1=" " ind2=" ">
    <subfield code="a">5-7020-0941-&#x425;</subfield>
    <subfield code="b">&#x41D;&#x43E;&#x432;&#x43E;&#x441;&#x442;&#x438;</subfield>
  </datafield>
  <datafield tag="010" ind1=" " ind2=" ">
    <subfield code="a">5-237-00369-9</subfield>
    <subfield code="b">&#x410;&#x421;&#x422;</subfield>
    <subfield code="9">10000</subfield>
  </datafield>
  <datafield tag="021" ind1=" " ind2=" ">
    <subfield code="a">RU</subfield>
    <subfield code="b">1998-46806</subfield>
    <subfield code="9">2252</subfield>
  </datafield>
  <datafield tag="035" ind1=" " ind2=" ">
    <subfield code="a">(NLR Aleph) 000076005</subfield>
  </datafield>
  <datafield tag="090" ind1=" " ind2=" ">
    <subfield code="a">421299</subfield>
    <subfield code="c">421299</subfield>
  </datafield>
  <datafield tag="100" ind1=" " ind2=" ">
    <subfield code="a">20000331d1998    |||y0rusy50      ca</subfield>
  </datafield>
  <datafield tag="101" ind1="1" ind2=" ">
    <subfield code="a">rus</subfield>
    <subfield code="c">eng</subfield>
  </datafield>
  <datafield tag="102" ind1=" " ind2=" ">
    <subfield code="a">RU</subfield>
  </datafield>
  <datafield tag="105" ind1=" " ind2=" ">
    <subfield code="a">y   |||||||||</subfield>
  </datafield>
  <datafield tag="200" ind1="1" ind2=" ">
    <subfield code="a">&#x421;&#x43E;&#x431;&#x43E;&#x440;</subfield>
    <subfield code="e">[&#x420;&#x43E;&#x43C;&#x430;&#x43D;]</subfield>
    <subfield code="f">&#x41D;&#x435;&#x43B;&#x44C;&#x441;&#x43E;&#x43D; &#x414;&#x435;&#x43C;&#x438;&#x43B;&#x43B;&#x44C;</subfield>
    <subfield code="g">[&#x41F;&#x435;&#x440;. &#x441; &#x430;&#x43D;&#x433;&#x43B;.: &#x410;&#x43B;&#x435;&#x43A;&#x441;&#x430;&#x43D;&#x434;&#x440;&#x430; &#x41A;&#x430;&#x440;&#x43F;&#x43E;&#x432;&#x430; &#x438; &#x42E;&#x43B;&#x438;&#x438; &#x41B;&#x44B;&#x441;&#x430;&#x43D;&#x43E;&#x432;&#x43E;&#x439;]</subfield>
  </datafield>
  <datafield tag="210" ind1=" " ind2=" ">
    <subfield code="a">&#x41C;.</subfield>
    <subfield code="c">&#x41D;&#x43E;&#x432;&#x43E;&#x441;&#x442;&#x438;</subfield>
    <subfield code="a">&#x41D;&#x430;&#x437;&#x440;&#x430;&#x43D;&#x44C;</subfield>
    <subfield code="c">&#x410;&#x421;&#x422;</subfield>
    <subfield code="d">1998</subfield>
  </datafield>
  <datafield tag="215" ind1=" " ind2=" ">
    <subfield code="a">590, [1] &#x441;.</subfield>
    <subfield code="d">21</subfield>
  </datafield>
  <datafield tag="686" ind1=" " ind2=" ">
    <subfield code="a">&#x428;6(7&#x421;&#x428;&#x410;)67-446</subfield>
  </datafield>
  <datafield tag="700" ind1=" " ind2="1">
    <subfield code="4">070</subfield>
    <subfield code="8">rus</subfield>
    <subfield code="7">ca</subfield>
    <subfield code="a">&#x414;&#x435;&#x43C;&#x438;&#x43B;&#x43B;&#x44C;</subfield>
    <subfield code="b">&#x41D;.</subfield>
    <subfield code="g">&#x41D;&#x435;&#x43B;&#x44C;&#x441;&#x43E;&#x43D;</subfield>
    <subfield code="3">RU\NLR\auth\771903</subfield>
    <subfield code="9">111920</subfield>
  </datafield>
  <datafield tag="801" ind1=" " ind2="0">
    <subfield code="a">RU</subfield>
    <subfield code="b">NLR</subfield>
    <subfield code="c">20000331</subfield>
    <subfield code="g">PSBO</subfield>
  </datafield>
  <datafield tag="801" ind1=" " ind2="1">
    <subfield code="a">RU</subfield>
    <subfield code="b">NLR</subfield>
    <subfield code="c">20000331</subfield>
  </datafield>
  <datafield tag="852" ind1=" " ind2=" ">
    <subfield code="a">NLR</subfield>
    <subfield code="j">2000-5/52</subfield>
  </datafield>
  <datafield tag="942" ind1=" " ind2=" ">
    <subfield code="c">BOOK</subfield>
  </datafield>
  <datafield tag="980" ind1=" " ind2=" ">
    <subfield code="a">NB</subfield>
  </datafield>
  <datafield tag="995" ind1=" " ind2=" ">
    <subfield code="5">2000-03-31</subfield>
    <subfield code="a">ad</subfield>
    <subfield code="b">NLR01</subfield>
    <subfield code="c">NLR01</subfield>
    <subfield code="e">RF8</subfield>
    <subfield code="f">1-1192344</subfield>
    <subfield code="k">2000-5/52</subfield>
    <subfield code="o">0</subfield>
    <subfield code="r">BOOK</subfield>
    <subfield code="s">2000552_</subfield>
  </datafield>
  <datafield tag="995" ind1=" " ind2=" ">
    <subfield code="5">2000-03-31</subfield>
    <subfield code="a">ad</subfield>
    <subfield code="b">NLR01</subfield>
    <subfield code="c">NLR01</subfield>
    <subfield code="e">RF8</subfield>
    <subfield code="f">18744</subfield>
    <subfield code="k">2000-5/52</subfield>
    <subfield code="o">0</subfield>
    <subfield code="r">BOOK</subfield>
    <subfield code="s">2000552_</subfield>
  </datafield>
</record>
